000 00428nam a22001337a 4500
999 _c129835
_d129835
008 190919b ||||| |||| 00| 0 eng d
050 _aSPC. DT1.T50 M685
100 _aMkoba, Martin L.
_948138
245 _aMoral and character education in primary and secondary education in Tanzania
_cMartin L. Mkoba
260 _aHarare
_bArrupe College
_c2015
300 _aix, 80p. ;
_c30cm.
500 _aThesis
942 _2lcc
_cMONOGRAPH